Semai benih-benih syurga (Record no. 112555)

MARC details
000 -LEADER
fixed length control field 00675nam a2200253 i 4500
001 - CONTROL NUMBER
control field C2-0310061
003 - CONTROL NUMBER IDENTIFIER
control field PPAK
005 - DATE AND TIME OF LATEST TRANSACTION
control field 20180728101257.0
008 - FIXED-LENGTH DATA ELEMENTS--GENERAL INFORMATION
fixed length control field 110608s2010 my |||| ||||| | may d
020 ## - INTERNATIONAL STANDARD BOOK NUMBER
International Standard Book Number 9789675426100
040 ## - CATALOGING SOURCE
Original cataloging agency PPAK
Language of cataloging eng
Transcribing agency PPAK
Description conventions rda
082 04 - DEWEY DECIMAL CLASSIFICATION NUMBER
Classification number 297.23
Edition number 23
090 00 - LOCALLY ASSIGNED LC-TYPE CALL NUMBER (OCLC); LOCAL CALL NUMBER (RLIN)
Classification number (OCLC) (R) ; Classification number, CALL (RLIN) (NR) 297.23
Feature heading KHA
Feature heading G
100 0# - MAIN ENTRY--PERSONAL NAME
Personal name Khairul Ghazali,
Relator term author
245 10 - TITLE STATEMENT
Title Semai benih-benih syurga
264 #1 - PRODUCTION, PUBLICATION, DISTRIBUTION, MANUFACTURE, AND COPYRIGHT NOTICE
Place of production, publication, distribution, manufacture Kuala Lumpur :
Name of producer, publisher, distributor, manufacturer Must Read ,
Date of production, publication, distribution, manufacture, or copyright notice 2010
300 ## - PHYSICAL DESCRIPTION
Extent x, 224 pages ;
Dimensions 22 cm
336 ## - CONTENT TYPE
Source rdacontent
Content type term text
337 ## - MEDIA TYPE
Source rdamedia
Media type term unmediated
338 ## - CARRIER TYPE
Source rdacarrier
Carrier type term volume
650 10 - SUBJECT ADDED ENTRY--TOPICAL TERM
Topical term or geographic name entry element Paradise (Islam).
700 0# - ADDED ENTRY--PERSONAL NAME
Personal name Ainun Ali,
Relator term editor
942 ## - ADDED ENTRY ELEMENTS (KOHA)
-- dc
Koha item type Book
Holdings
Withdrawn Not for loan Current library Shelving location Date acquired Total Checkouts Total Renewals Full call number Barcode Date last seen Date last checked out Koha item type
    Perpustakaan Alor Setar Pinjaman Dewasa 15/06/2011 3 1 297.23 KHA A01346581 20/02/2025 04/01/2025 Book
    Perpustakaan Alor Setar Pinjaman Dewasa 15/06/2011 4   297.23 KHA A01346582 24/10/2024 07/10/2024 Book
    Perpustakaan Awam Sungai Petani Pinjaman Dewasa 15/06/2011 1   297.23 KHA A01346583 01/11/2020 11/10/2020 Book
    Perpustakaan Baling Pinjaman Dewasa 15/06/2011     297.23 KHA A01346586 09/05/2018   Book
    Perpustakaan Bandar Baharu Pinjaman Dewasa 15/06/2011     297.23 KHA A01346588 09/05/2018   Book
    Perpustakaan Jitra Pinjaman Dewasa 15/06/2011 1   297.23 KHA A01346584 22/06/2022 01/06/2022 Book
    Perpustakaan Kulim Pinjaman Dewasa 15/06/2011     297.23 KHA A01346585 09/05/2018   Book
    Perpustakaan Langkawi Pinjaman Dewasa 15/06/2011 1   297.23 KHA A01346587 12/03/2020 03/03/2020 Book
    Perpustakaan Merbok Pinjaman Dewasa 15/06/2011     297.23 KHA A01346589 09/05/2018   Book